La Grecia antigua
Saved in:
| Main Author: | |
|---|---|
| Format: | Book |
| Language: | Spanish |
| Published: |
Madrid
M.E
1997
|
| Series: | Biblioteca DM
|
| Subjects: | |
| Tags: |
Add Tag
No Tags, Be the first to tag this record!
|
MARC
| LEADER | 00000nam a2200000 a 4500 | ||
|---|---|---|---|
| 001 | UCP7209 | ||
| 003 | CL-VaPUC | ||
| 008 | 991203e19970000SP |||||||||||||||||spa|d | ||
| 082 | 0 | 4 | |a 938 |b WAL |2 21 |
| 100 | 0 | |a Walker, Joseph M |e author |9 436667 | |
| 245 | 1 | 3 | |a La Grecia antigua |
| 300 | |a 510 p | ||
| 942 | |c BK | ||
| 945 | |d 19991203 00:00:00 |a vberengu | ||
| 260 | |a Madrid |b M.E |c 1997 | ||
| 650 | 7 | |a HISTORIA GRIEGA |2 CL-VaPUC |9 314116 | |
| 650 | 7 | |a CIVILIZACIONES PREHELENICAS |2 CL-VaPUC |9 436668 | |
| 650 | 0 | |a Política y gobierno |9 255151 | |
| 650 | 0 | |a Guerras médicas |9 405682 | |
| 650 | 0 | |a Antropología social |9 306264 | |
| 651 | 0 | |a Grecia |9 265314 | |
| 583 | |a last modification |c 19991203 00:00:00 |k Rodrigo Vera | ||
| 490 | 0 | |a Biblioteca DM | |
| 999 | |c 284521 |d 284519 | ||
| 952 | |0 0 |1 0 |4 0 |6 938_000000000000000_WAL_1997 |7 0 |8 A |9 328587 |a BIBHIS |b BIBHIS |d 2019-11-20 |i 3586960 |o 938 WAL 1997 |p 3586960 |r 2025-01-20 |w 2019-11-20 |y BK |k HIS | ||